00513nam a2200157Ia 4500001001000000003000500010008004100015010001100056040000900067100002200076245012500098260004700223300001000270440003100280650004400311Para_4517CHAP220125s1913 xx 000 0 und d a202998 cCHAP aWoglum, Russell S aReport of a trip to India and the orient in search of the natural enemies of the citrus white fly /c Russell S. Woglum aWashington :b Departmenmt of Agriculture a58 p. aEUA. Dept. Agri. Bull; 120 aDialeurodes citri Cítricos x Plagas